Communicative English for Nurses (Record no. 1738)

MARC details
000 -LEADER
Fixed length control field 00545nam a2200205 4500
003 - CONTROL NUMBER IDENTIFIER
Control field IIN
005 - DATE AND TIME OF LATEST TRANSACTION
Control field 20250408153433.0
008 - FIXED-LENGTH DATA ELEMENTS--GENERAL INFORMATION
Fixed length control field 250408b ||| d||| |||| 000 0 eng d
020 ## - INTERNATIONAL STANDARD BOOK NUMBER / ISBN
International Standard Book Number 9788131263754
Price 575.00
040 ## - CATALOGING SOURCE
Original cataloging agency IIN
082 ## - DEWEY DECIMAL CLASSIFICATION NUMBER
Classification number 428.0077
Book Number LOH
100 ## - MAIN ENTRY--PERSONAL NAME
Personal name Lohumi, Shama
245 ## - TITLE STATEMENT
Title Communicative English for Nurses
Statement of responsibility Shama Lohumi and Rakesh Lohumi
250 ## - EDITION STATEMENT
Edition statement 3rd ed.
260 ## - IMPRINT
Place of publication New Delhi
Name of publisher Elsevier
Date of publication 2022
300 ## - PHYSICAL DESCRIPTION
Page / Vol. No xviii, 296 p.
650 ## - SUBJECT ADDED ENTRY--TOPICAL TERM
Topical term Communicative English
General subdivision Nursing
700 ## - ADDED ENTRY--PERSONAL NAME
Personal name Lohumi, Rakesh
942 ## - ADDED ENTRY ELEMENTS (KOHA)
Koha item type Books
Holdings
Withdrawn status Lost status Source of classification Damaged status Not for loan Collection code Home library Current library Shelving location Date acquired Price Total Checkouts Call number Accession number Date last seen Price effective from Koha item type
    Dewey Decimal Classification     Purches Book IDEAL INSTITUTE OF NURSING IDEAL INSTITUTE OF NURSING General Stacks 11/03/2025 575.00   428.0077 LOH 1870 08/04/2025 08/04/2025 Books
© Ideal Institute Of Nursing, All rights reserved.         Powered by Koha